Statistics for Lazio Scorers in Serie A 2019-20

Click here to take the quiz!

General Stats

  • This quiz has been taken 32 times
  • The average score is 8 of 13

Answer Stats

PlayerGoals% Correct
Ciro Immobile36
100%
Sergej Milinković-Savić7
89%
Francesco Acerbi2
79%
Luis Alberto6
75%
Felipe Caicedo9
61%
Luiz Felipe1
61%
Joaquín Correa9
57%
Adam Marušić2
54%
Marco Parolo1
54%
Ștefan Radu1
50%
Bastos1
43%
Danilo Cataldi1
43%
Bobby Adekanye1
18%

Score Distribution

Percentile by Number Answered

Percent of People with Each Score

Your Score History

You have not taken this quiz